[Event "Berlin-ch"]
[Site "Berlin"]
[Date "2025.04.26"]
[Round "8"]
[White "Niehaus, Frank"]
[Black "Jahnz, Fabian"]
[Result "0-1"]
[WhiteElo "2126"]
[BlackElo "2242"]
[PlyCount "86"]
[EventDate "2025.04.19"]
[EventType "swiss"]
[EventRounds "9"]
[EventCountry "GER"]
[SourceTitle "CB18_2025"]
[SourceDate "2025.04.30"]
[SourceVersion "1"]
[SourceVersionDate "2025.04.30"]
[SourceQuality "1"]

1. d4 Nf6 2. c4 e6 3. Nc3 d5 4. Nf3 h6 5. e3 Be7 6. Bd3 0-0 7. 0-0 b6 8. b3 Bb7 9. Qc2 Nbd7 10. e4 dxe4 11. Nxe4 c5 12. Bb2 Nxe4 13. Bxe4 Bxe4 14. Qxe4 Bf6 15. Rad1 Qc7 16. Bc1 cxd4 17. Nxd4 Nc5 18. Qf3 Bxd4 19. Rxd4 Rad8 20. Rfd1 Rxd4 21. Rxd4 Rd8 22. Qd1 Rxd4 23. Qxd4 Qd7 24. Qxd7 Nxd7 25. Kf1 Kf8 26. Ke2 Ke7 27. Ba3+ Kf6 28. b4 e5 29. b5 Ke6 30. Bb4 f5 31. a4 e4 32. Ke3 Ne5 33. Kd4 Nd3 34. Bf8 Nxf2 35. Bxg7 f4 36. Bxh6 Kf5 37. Bf8 Nd3 38. h4 Ne1 39. h5 e3 40. h6 e2 41. h7 Nf3+ 42. Kd5 e1Q 43. h8Q Qe6# 0-1

[Event "Berlin-ch"]
[Site "Berlin"]
[Date "2025.04.24"]
[Round "6"]
[White "Jahnz, Fabian"]
[Black "Vollmar, Timo"]
[Result "1-0"]
[WhiteElo "2242"]
[BlackElo "1882"]
[PlyCount "89"]
[EventDate "2025.04.19"]
[EventType "swiss"]
[EventRounds "9"]
[EventCountry "GER"]
[SourceTitle "CB18_2025"]
[SourceDate "2025.04.30"]
[SourceVersion "1"]
[SourceVersionDate "2025.04.30"]
[SourceQuality "1"]

1. e4 c5 2. Nf3 Nc6 3. Bc4 e6 4. 0-0 g6 5. d4 cxd4 6. Nxd4 Nf6 7. Nc3 a6 8. Re1 Qc7 9. Bg5 Bg7 10. a4 0-0 11. Nf3 d6 12. Qd2 Ne5 13. Be2 Bd7 14. Rad1 Bc6 15. Qf4 Nfd7 16. Be7 Nxf3+ 17. gxf3 Be5 18. Qh4 Rfe8 19. f4 Nc5 20. fxe5 Qxe7 21. Qxe7 Rxe7 22. exd6 Rd7 23. e5 Nxa4 24. Nxa4 Bxa4 25. b3 Bc6 26. f4 f6 27. Kf2 fxe5 28. fxe5 Rf8+ 29. Kg3 Rdf7 30. Rf1 Kg7 31. Rxf7+ Rxf7 32. Bg4 Bd7 33. Ra1 h5 34. Bf3 Rf5 35. Bxb7 Rxe5 36. Rxa6 Re3+ 37. Kf2 Rc3 38. Be4 Kf6 39. Ra7 Ke5 40. Rxd7 Kxe4 41. Rc7 Rh3 42. d7 Rxh2+ 43. Ke1 Ke3 44. Rc3+ Kd4 45. Rd3+ 1-0

[Event "Berlin-ch"]
[Site "Berlin"]
[Date "2025.04.21"]
[Round "3"]
[White "Rose, Daniel"]
[Black "Jahnz, Fabian"]
[Result "1-0"]
[WhiteElo "2022"]
[BlackElo "2242"]
[PlyCount "59"]
[EventDate "2025.04.19"]
[EventType "swiss"]
[EventRounds "9"]
[EventCountry "GER"]
[SourceTitle "CB18_2025"]
[SourceDate "2025.04.30"]
[SourceVersion "1"]
[SourceVersionDate "2025.04.30"]
[SourceQuality "1"]

1. d4 Nf6 2. c4 e6 3. Nc3 c5 4. d5 exd5 5. cxd5 d6 6. e4 g6 7. Bb5+ Nbd7 8. a4 a6 9. Bxd7+ Bxd7 10. Nf3 Bg7 11. h3 b5 12. 0-0 b4 13. Nb1 Nxe4 14. Re1 f5 15. Bg5 Bf6 16. Bh6 Kf7 17. Nbd2 Nxd2 18. Qxd2 Re8 19. Rxe8 Qxe8 20. Re1 Qd8 21. Ng5+ Kg8 22. Ne6 Bxe6 23. Rxe6 Ra7 24. Bf4 Rd7 25. Qe2 Kf7 26. Qxa6 Bxb2 27. Bxd6 Bd4 28. Be5 Bxe5 29. Rxe5 Qf6 30. Qe6+ 1-0

[Event "Berlin-ch"]
[Site "Berlin"]
[Date "2025.04.20"]
[Round "2"]
[White "Jahnz, Fabian"]
[Black "Heerde, Thomas"]
[Result "1/2-1/2"]
[WhiteElo "2242"]
[BlackElo "1983"]
[PlyCount "145"]
[EventDate "2025.04.19"]
[EventType "swiss"]
[EventRounds "9"]
[EventCountry "GER"]
[SourceTitle "CB18_2025"]
[SourceDate "2025.04.30"]
[SourceVersion "1"]
[SourceVersionDate "2025.04.30"]
[SourceQuality "1"]

1. e4 c5 2. Nf3 g6 3. d4 cxd4 4. Nxd4 Nf6 5. f3 Nc6 6. Nc3 Qb6 7. Nb3 Bg7 8. Bg5 e6 9. Qd6 h6 10. Bh4 Qb4 11. Qd2 0-0 12. 0-0-0 a6 13. Bf2 Na5 14. e5 Nh7 15. f4 b5 16. Nc5 g5 17. g3 Nc4 18. Bxc4 bxc4 19. a3 Qa5 20. N3e4 Qc7 21. Qd6 Qa5 22. Rd4 f6 23. Rxc4 fxe5 24. fxe5 Rf7 25. Be1 Qb5 26. Rb4 Qe2 27. Qd3 Qg2 28. Nf6+ Nxf6 29. Rf1 Nd5 30. Rxf7 Kxf7 31. Re4 Qh3 32. Re2 Qh5 33. Qe4 Rb8 34. g4 Qh3 35. Bg3 Kg8 36. Rf2 Nf4 37. Bxf4 gxf4 38. Qxf4 Qh4 39. Qf7+ Kh8 40. Qe8+ Kh7 41. Ne4 Bb7 42. Qxb8 Bxe4 43. Qb6 Qxg4 44. Qxa6 Qg5+ 45. Kb1 Qxe5 46. Qb6 Qd5 47. Qe3 Qb7 48. Qc1 d5 49. Ka2 Qb6 50. Rf7 Bg6 51. Rf3 e5 52. Rg3 e4 53. c3 Be5 54. Rg2 Qc6 55. Qg1 Bg7 56. h4 Qe6 57. h5 d4+ 58. Ka1 dxc3 59. Rxg6 Qe5 60. Qg2 e3 61. Rxg7+ Qxg7 62. Qe4+ Kg8 63. Qxe3 cxb2+ 64. Kb1 Qg5 65. Qe8+ Kg7 66. Kxb2 Qd2+ 67. Kb3 Qd3+ 68. Kb4 Qd6+ 69. Kc4 Qxa3 70. Qg6+ Kh8 71. Qxh6+ Kg8 72. Qg6+ Kh8 73. Qh6+ 1/2-1/2

[Event "Berlin-ch"]
[Site "Berlin"]
[Date "2025.04.19"]
[Round "1"]
[White "Ahmadinia, Ebrahim"]
[Black "Jahnz, Fabian"]
[Result "1-0"]
[WhiteElo "2396"]
[BlackElo "2242"]
[PlyCount "107"]
[EventDate "2025.04.19"]
[EventType "swiss"]
[EventRounds "9"]
[EventCountry "GER"]
[SourceTitle "CB18_2025"]
[SourceDate "2025.04.30"]
[SourceVersion "1"]
[SourceVersionDate "2025.04.30"]
[SourceQuality "1"]

1. e4 d5 2. exd5 Qxd5 3. Nc3 Qd8 4. d4 Nf6 5. Nf3 Bg4 6. h3 Bxf3 7. Qxf3 c6 8. Qd3 e6 9. Bd2 Bb4 10. a3 Be7 11. g3 Nbd7 12. Bg2 0-0 13. f4 a5 14. 0-0 Qb6 15. Be3 Nd5 16. Bf2 Nxc3 17. bxc3 Qa6 18. a4 Qxd3 19. cxd3 Rac8 20. Rab1 b6 21. Rfc1 Rfd8 22. Kf1 Bd6 23. Ke2 h5 24. Be3 c5 25. dxc5 Bxc5 26. d4 Ba3 27. Rc2 Rc4 28. Kd3 Rc7 29. Ra2 Be7 30. Kc2 Nf6 31. Rxb6 Bb4 32. Rc6 Rxc6 33. Bxc6 Bxc3 34. Kxc3 Rc8 35. Kd3 Rxc6 36. Bd2 h4 37. gxh4 Nd5 38. Rc2 Rb6 39. Rc5 Rb3+ 40. Kc2 Rxh3 41. Rxa5 Rxh4 42. Rc5 g5 43. a5 g4 44. a6 Kg7 45. Rc8 g3 46. a7 Nb6 47. Rc3 Rg4 48. Be3 g2 49. Bg1 Rxf4 50. Rg3+ Kf6 51. d5 Na8 52. d6 Rf1 53. Rxg2 e5 54. Rg8 1-0

[Event "Bayern-chI Bank Hofmann 27th"]
[Site "Gmund am Tegernsee"]
[Date "2024.11.03"]
[Round "9"]
[White "Preissler, Niklas"]
[Black "Jahnz, Fabian"]
[Result "1/2-1/2"]
[WhiteElo "2071"]
[BlackElo "2248"]
[PlyCount "68"]
[EventDate "2024.10.26"]
[EventType "swiss"]
[EventRounds "9"]
[EventCountry "GER"]
[SourceTitle "CB45_2024"]
[Source "ChessBase"]
[SourceDate "2024.11.06"]
[SourceVersion "1"]
[SourceVersionDate "2024.11.06"]
[SourceQuality "1"]

1. c4 c6 2. g3 d5 3. Nf3 Nf6 4. Bg2 dxc4 5. 0-0 Nbd7 6. Qc2 Nb6 7. Na3 Be6 8. Ne5 h5 9. Naxc4 Nxc4 10. Nxc4 h4 11. Ne5 hxg3 12. hxg3 Qd4 13. Qc3 Qxc3 14. bxc3 Nd7 15. Nxd7 Bxd7 16. Rb1 0-0-0 17. d4 Bh3 18. e4 e6 19. Rd1 Bxg2 20. Kxg2 Be7 21. Be3 Rh5 22. c4 Ra5 23. Rd2 f5 24. Rdb2 b6 25. Kf3 Ra4 26. Rc2 Rh8 27. e5 Ra5 28. Rd1 Kb7 29. Kg2 Rd8 30. f4 Ra3 31. Bc1 Ra4 32. Be3 Ra3 33. Bc1 Ra4 34. Be3 Ra3 1/2-1/2

[Event "Bayern-chI Bank Hofmann 27th"]
[Site "Gmund am Tegernsee"]
[Date "2024.11.01"]
[Round "7"]
[White "Oyberman, Iliia"]
[Black "Jahnz, Fabian"]
[Result "1/2-1/2"]
[WhiteElo "1971"]
[BlackElo "2248"]
[PlyCount "108"]
[EventDate "2024.10.26"]
[EventType "swiss"]
[EventRounds "9"]
[EventCountry "GER"]
[SourceTitle "CB45_2024"]
[Source "ChessBase"]
[SourceDate "2024.11.06"]
[SourceVersion "1"]
[SourceVersionDate "2024.11.06"]
[SourceQuality "1"]

1. d4 Nf6 2. c4 e6 3. Nc3 d5 4. cxd5 exd5 5. Bg5 c6 6. e3 Be7 7. Qc2 0-0 8. Bd3 Nbd7 9. Nf3 Re8 10. 0-0 h6 11. Bh4 Nf8 12. Rab1 Be6 13. b4 a6 14. a4 Rc8 15. Qb2 N6d7 16. Bxe7 Qxe7 17. Rfc1 Ng6 18. a5 Bg4 19. Ne1 Nh4 20. h3 Bf5 21. Bxf5 Nxf5 22. Na4 Nd6 23. Nc5 Nf6 24. Ned3 Nfe4 25. Nxe4 Qxe4 26. Nc5 Qg6 27. Qc2 Qg5 28. Rb3 Rc7 29. Qd1 h5 30. Rcc3 Nf5 31. Nd3 Rce7 32. Ne5 Nh4 33. g3 Nf5 34. Nf3 Qg6 35. Ne5 Qh6 36. Qf3 Qg5 37. Qf4 Qf6 38. Nf3 Qe6 39. Qg5 g6 40. Rc1 Kg7 41. Qf4 f6 42. g4 hxg4 43. hxg4 Nd6 44. Nd2 g5 45. Qg3 Qd7 46. Nf1 Rh8 47. f3 Kg6 48. Rc2 Reh7 49. Rh2 Nc4 50. Rxh7 Rxh7 51. Qb8 Nd6 52. Qg8+ Rg7 53. Qh8 Rh7 54. Qg8+ Rg7 1/2-1/2

[Event "Oberliga Nord O 2324"]
[Site "Germany"]
[Date "2024.04.28"]
[Round "9.7"]
[White "Nguyen, Phuc Nhat"]
[Black "Jahnz, Fabian"]
[Result "1/2-1/2"]
[WhiteElo "1911"]
[BlackElo "2287"]
[PlyCount "71"]
[EventDate "2023.10.22"]
[EventType "team-tourn"]
[EventRounds "9"]
[EventCountry "GER"]
[SourceTitle "EXT 2025"]
[Source "ChessBase"]
[SourceDate "2024.10.14"]
[SourceVersion "1"]
[SourceVersionDate "2024.10.14"]
[SourceQuality "1"]
[WhiteTeam "Oberschoeneweide"]
[BlackTeam "Koenig Tegel"]
[WhiteTeamCountry "GER"]
[BlackTeamCountry "GER"]

1. e4 c6 2. d4 d5 3. e5 Bf5 4. g4 Be4 5. f3 Bg6 6. h4 h5 7. e6 fxe6 8. Bd3 Bxd3 9. Qxd3 Qd6 10. Ne2 Nd7 11. Bf4 e5 12. dxe5 Nxe5 13. Qc3 d4 14. Qb3 0-0-0 15. Nd2 Qd5 16. Qxd5 Rxd5 17. Nxd4 Ng6 18. Ne6 Kd7 19. Nxf8+ Nxf8 20. g5 Ng6 21. Be3 b6 22. c4 Rf5 23. Ke2 Kc7 24. a4 e6 25. a5 Rxa5 26. Rxa5 bxa5 27. Ra1 Nxh4 28. Rxa5 Nf5 29. Rxa7+ Kb8 30. Ra1 Nxe3 31. Kxe3 Ne7 32. Ne4 Nf5+ 33. Kf2 Rd8 34. Ra6 Kc7 35. Ra7+ Kb8 36. Ra6 1/2-1/2

[Event "Berlin-ch"]
[Site "Berlin"]
[Date "2024.04.06"]
[Round "8"]
[White "Schmidek, Emil"]
[Black "Jahnz, Fabian"]
[Result "1-0"]
[WhiteElo "2439"]
[BlackElo "2285"]
[PlyCount "113"]
[EventDate "2024.03.30"]
[EventType "swiss"]
[EventRounds "9"]
[EventCountry "GER"]
[SourceTitle "CBM 219 Extra"]
[Source "ChessBase"]
[SourceDate "2024.05.31"]
[SourceVersion "1"]
[SourceVersionDate "2024.05.31"]
[SourceQuality "1"]

1. d4 d5 2. c4 dxc4 3. e4 e5 4. Nf3 exd4 5. Bxc4 Nc6 6. 0-0 Be6 7. Bb5 Bc5 8. b4 Bb6 9. a4 a6 10. Bxc6+ bxc6 11. a5 Ba7 12. Bb2 Nf6 13. Bxd4 0-0 14. Nc3 Qe7 15. Bxa7 Rxa7 16. Ne5 Qd6 17. Qxd6 cxd6 18. Nd3 Rb7 19. Rfd1 Bc4 20. e5 dxe5 21. Nxe5 Nd5 22. Rdc1 Rxb4 23. Nxc6 Rb7 24. Ne4 Bb5 25. Nd6 Bxc6 26. Rxc6 Ra7 27. Rb1 g6 28. Kf1 Kg7 29. Ne4 Rd8 30. g3 Ne7 31. Rc5 Rd4 32. Nc3 Rd6 33. Rb6 Rad7 34. Ke1 Re6+ 35. Rxe6 fxe6 36. Ke2 h6 37. Ke3 Nf5+ 38. Ke4 Kf6 39. g4 Rd4+ 40. Kf3 Ne7 41. Ne4+ Kf7 42. Rc7 Rd3+ 43. Ke2 Ra3 44. Nd6+ Kf6 45. h4 e5 46. Nc4 Rc3 47. Kd2 Rf3 48. Ra7 Rxf2+ 49. Ke3 Rf4 50. Rxa6+ Kg7 51. Nxe5 Nd5+ 52. Kd2 Re4 53. Rxg6+ Kh7 54. Re6 Ra4 55. a6 Kg7 56. Rg6+ Kh7 57. Rd6 1-0

[Event "Oberliga Nord O 2324"]
[Site "Germany"]
[Date "2024.03.17"]
[Round "7.7"]
[White "Kucharski, Mariusz"]
[Black "Jahnz, Fabian"]
[Result "0-1"]
[WhiteElo "1929"]
[BlackElo "2285"]
[PlyCount "87"]
[EventDate "2023.10.22"]
[EventType "team-tourn"]
[EventRounds "9"]
[EventCountry "GER"]
[SourceTitle "EXT 2025"]
[Source "ChessBase"]
[SourceDate "2024.10.14"]
[SourceVersion "1"]
[SourceVersionDate "2024.10.14"]
[SourceQuality "1"]
[WhiteTeam "Forst"]
[BlackTeam "Koenig Tegel"]
[WhiteTeamCountry "GER"]
[BlackTeamCountry "GER"]

1. e4 c6 2. d4 d5 3. exd5 cxd5 4. Bd3 Nf6 5. Ne2 Bg4 6. 0-0 Nc6 7. c3 e6 8. Bg5 Be7 9. Re1 Qc7 10. Nd2 Bh5 11. Nf1 Bd6 12. Qd2 Bg6 13. Bf4 Bxd3 14. Bxd6 Qxd6 15. Qxd3 0-0 16. Nfg3 Rfc8 17. Qf3 b5 18. Nf4 b4 19. Nfh5 Nxh5 20. Nxh5 bxc3 21. bxc3 Ne7 22. Re3 Rab8 23. Qg4 Ng6 24. Rae1 Rb2 25. h4 Rxa2 26. g3 Rb8 27. Nxg7 Kxg7 28. h5 f5 29. Qf3 Nf8 30. g4 Rbb2 31. Rf1 Qe7 32. Qf4 Qf6 33. Rg3 Kh8 34. gxf5 Qxf5 35. Qh6 Qf7 36. Qg5 Re2 37. Rg2 Rab2 38. Qd8 Rb7 39. Qg5 Rb8 40. Ra1 Rb7 41. Rf1 Nd7 42. h6 Rb8 43. Qg4 Re4 44. Ra1 0-1

[Event "Titled Tuesday intern op 02nd Jan Early"]
[Site "Chess.com INT"]
[Date "2024.01.02"]
[Round "9"]
[White "Jahnz, Fabian"]
[Black "Rietze, Clemens"]
[Result "0-1"]
[WhiteElo "2262"]
[BlackElo "2341"]
[PlyCount "186"]
[EventDate "2024.01.02"]
[EventType "swiss (blitz)"]
[EventRounds "11"]
[EventCountry "USA"]
[SourceTitle "EXT 2025"]
[Source "ChessBase"]
[SourceDate "2024.10.14"]
[SourceVersion "1"]
[SourceVersionDate "2024.10.14"]
[SourceQuality "1"]

1. e4 c6 2. Nf3 d5 3. Nc3 Bg4 4. h3 Bxf3 5. Qxf3 e6 6. d3 Nd7 7. Bd2 Ngf6 8. 0-0-0 Bb4 9. g4 d4 10. Nb1 Qa5 11. a3 Bxd2+ 12. Nxd2 Qg5 13. Kb1 h5 14. gxh5 Qxh5 15. Be2 Qxf3 16. Bxf3 Ne5 17. Bg2 Nh5 18. Rdf1 Nf4 19. Bf3 g5 20. Bg4 Ke7 21. Nb3 Rad8 22. Kc1 b6 23. Kd2 c5 24. Nc1 Rdf8 25. Bd1 f5 26. exf5 exf5 27. Ne2 Nxh3 28. Ng3 Kf6 29. Nh5+ Rxh5 30. Bxh5 Nf4 31. Be2 Kg6 32. Rh2 g4 33. Rfh1 Nh3 34. f3 Kg5 35. fxg4 fxg4 36. Rg2 Nf4 37. Rg3 Nh5 38. Rg2 Rf6 39. Rhg1 Nf4 40. Rg3 Nh5 41. R3g2 Rf4 42. c3 Nf6 43. Rh2 Nh5 44. Rhg2 Nf6 45. Rh2 dxc3+ 46. bxc3 b5 47. Rf1 Rxf1 48. Rh8 Rf2 49. Ra8 Kf4 50. Rf8 Nf3+ 51. Kd1 Kg5 52. c4 bxc4 53. dxc4 Kf5 54. Ra8 Rg2 55. Rxa7 Rg1+ 56. Kc2 Ne4 57. Rf7+ Ke5 58. Bxf3 gxf3 59. Rxf3 Rg2+ 60. Kc1 Kd4 61. Rf4 Rg3 62. a4 Ra3 63. Kb2 Rxa4 64. Kb3 Rb4+ 65. Ka2 Rxc4 66. Kb3 Rc3+ 67. Kb2 Rd3 68. Kc2 c4 69. Rf8 Rc3+ 70. Kb2 Re3 71. Rd8+ Kc5 72. Rc8+ Kd5 73. Rd8+ Nd6 74. Kc2 Re2+ 75. Kc3 Re3+ 76. Kc2 Ra3 77. Rh8 Ra6 78. Kc3 Ne4+ 79. Kc2 Re6 80. Rd8+ Nd6 81. Rh8 Kc5 82. Rh5+ Kb4 83. Rh8 Re2+ 84. Kd1 Rg2 85. Rd8 Ne4 86. Rd4 Nc5 87. Rd8 Kc3 88. Rd5 Rg1+ 89. Ke2 Nb3 90. Rd8 Kb2 91. Rc8 c3 92. Kd3 Rg3+ 93. Ke2 c2 0-1

[Event "Titled Tuesday intern op 02nd Jan Early"]
[Site "Chess.com INT"]
[Date "2024.01.02"]
[Round "1"]
[White "Yagupov, Igor"]
[Black "Jahnz, Fabian"]
[Result "1-0"]
[WhiteElo "2290"]
[BlackElo "2262"]
[PlyCount "125"]
[EventDate "2024.01.02"]
[EventType "swiss (blitz)"]
[EventRounds "11"]
[EventCountry "USA"]
[SourceTitle "EXT 2025"]
[Source "ChessBase"]
[SourceDate "2024.10.14"]
[SourceVersion "1"]
[SourceVersionDate "2024.10.14"]
[SourceQuality "1"]

1. e4 c6 2. d4 d5 3. e5 Bf5 4. h4 Qc7 5. g4 Bd7 6. h5 c5 7. c3 cxd4 8. cxd4 Bxg4 9. f3 Bf5 10. Nc3 e6 11. Nge2 Nc6 12. Ng3 g6 13. hxg6 Bxg6 14. Bg5 Be7 15. f4 Bxg5 16. fxg5 a6 17. Qd2 Nge7 18. Rc1 Nf5 19. Nxf5 Bxf5 20. Bh3 Bxh3 21. Rxh3 0-0-0 22. Na4 Kb8 23. Nc5 Qa5 24. Rhc3 Rc8 25. a3 Ka7 26. Nd7 Qd8 27. Nf6 Qf8 28. Rh3 Qg7 29. Rh6 Ne7 30. Rxc8 Nxc8 31. b4 Ne7 32. Nh5 Qf8 33. Nf6 Qg7 34. Nh5 Qf8 35. Qc2 Nf5 36. Rf6 Ka8 37. Qc7 Qc8 38. Rxf7 Qxc7 39. Rxc7 Nxd4 40. Kf2 Rf8+ 41. Nf6 Nc6 42. Rxh7 Nxe5 43. Kg3 Ng6 44. Rg7 Ne5 45. Re7 Nc4 46. Rxe6 Nxa3 47. g6 Rc8 48. g7 Nc2 49. b5 axb5 50. Ne8 Rc3+ 51. Kf4 Nd4 52. g8Q Nxe6+ 53. Qxe6 Rc4+ 54. Kf3 Ka7 55. Nd6 Rc6 56. Qd7 Kb6 57. Qxb7+ Kc5 58. Nf5 Rb6 59. Qa7 Kc6 60. Nd4+ Kc5 61. Ke3 b4 62. Kd3 b3 63. Qa5+ 1-0

[Event "Oberliga Nord O 2324"]
[Site "Germany"]
[Date "2023.11.19"]
[Round "2.7"]
[White "Jahnz, Fabian"]
[Black "Strache, Michael"]
[Result "0-1"]
[WhiteElo "2269"]
[BlackElo "2231"]
[PlyCount "70"]
[EventDate "2023.10.22"]
[EventType "team-tourn"]
[EventRounds "9"]
[EventCountry "GER"]
[SourceTitle "EXT 2025"]
[Source "ChessBase"]
[SourceDate "2024.10.14"]
[SourceVersion "1"]
[SourceVersionDate "2024.10.14"]
[SourceQuality "1"]
[WhiteTeam "Koenig Tegel"]
[BlackTeam "Kreuzberg"]
[WhiteTeamCountry "GER"]
[BlackTeamCountry "GER"]

1. e4 c6 2. Nf3 d5 3. exd5 cxd5 4. Ne5 Nc6 5. d4 Nf6 6. Bb5 Bd7 7. Nxd7 Qxd7 8. c3 a6 9. Bd3 g6 10. 0-0 Bg7 11. Nd2 0-0 12. f4 Rad8 13. f5 e5 14. dxe5 Nxe5 15. Nb3 Nxd3 16. Qxd3 Ne4 17. Be3 Qc7 18. Bd4 Rfe8 19. Qh3 Rd6 20. Rae1 Qd8 21. Qg4 b5 22. Qf4 Bxd4+ 23. Nxd4 Rf6 24. g4 Qb8 25. Qe3 g5 26. Re2 Rh6 27. Qf3 Rh4 28. Rc1 h5 29. gxh5 f6 30. Ne6 Kf7 31. Rd1 Qe5 32. Qd3 Qxf5 33. Nc7 Rg4+ 34. Kh1 Nf2+ 35. Rxf2 Qxd3 0-1

[Event "Titled Tuesday intern op 14th Nov Early"]
[Site "Chess.com INT"]
[Date "2023.11.14"]
[Round "1"]
[White "Kononenko, Dmitry1"]
[Black "Jahnz, Fabian"]
[Result "1-0"]
[WhiteElo "2251"]
[BlackElo "2269"]
[PlyCount "49"]
[EventDate "2023.11.14"]
[EventType "swiss (blitz)"]
[EventRounds "11"]
[EventCountry "USA"]
[SourceTitle "CBM 217 Extra"]
[Source "ChessBase"]
[SourceDate "2024.01.31"]
[SourceVersion "1"]
[SourceVersionDate "2024.01.31"]
[SourceQuality "1"]

1. e4 c6 2. d4 d5 3. e5 Bf5 4. Nc3 e6 5. g4 Bg6 6. Nge2 Be7 7. Nf4 Bg5 8. h4 Bxf4 9. Bxf4 h5 10. Bd3 Bxd3 11. Qxd3 hxg4 12. 0-0-0 Rxh4 13. Qg3 Rxh1 14. Rxh1 Nd7 15. Qxg4 Qe7 16. Qxg7 0-0-0 17. Bg5 f6 18. exf6 Qxg7 19. fxg7 Re8 20. Ne2 e5 21. Rh8 Kc7 22. dxe5 Nxe5 23. Bf4 Kd6 24. Nd4 c5 25. Nf3 1-0

[Event "Titled Tuesday intern op 10th Oct Early"]
[Site "Chess.com INT"]
[Date "2023.10.10"]
[Round "6"]
[White "Floresvillar Gonzalez, Luis Miguel"]
[Black "Jahnz, Fabian"]
[Result "1/2-1/2"]
[WhiteElo "2019"]
[BlackElo "2268"]
[PlyCount "138"]
[EventDate "2023.10.10"]
[EventType "swiss (blitz)"]
[EventRounds "11"]
[EventCountry "USA"]
[SourceTitle "EXT 2025"]
[Source "ChessBase"]
[SourceDate "2024.10.14"]
[SourceVersion "1"]
[SourceVersionDate "2024.10.14"]
[SourceQuality "1"]

1. d4 d5 2. Nf3 Nf6 3. c3 Bf5 4. Qb3 Qc8 5. Bf4 c6 6. Nbd2 Nbd7 7. e3 e6 8. Be2 Be7 9. 0-0 0-0 10. h3 h6 11. Rfe1 Nb6 12. a4 Qd7 13. Ne5 Qc8 14. a5 Nbd7 15. Ndf3 Nxe5 16. Nxe5 Bd6 17. Qd1 Qc7 18. b4 Nd7 19. Nxd7 Qxd7 20. Bxd6 Qxd6 21. f4 Be4 22. Bf3 f5 23. Bxe4 fxe4 24. Qh5 Rf5 25. Qh4 Qd8 26. Qxd8+ Rxd8 27. g4 Rf7 28. Kg2 g5 29. fxg5 hxg5 30. Rf1 Rh7 31. Rf6 Re8 32. Rg6+ Rg7 33. Rxg7+ Kxg7 34. Rf1 Kg6 35. Kg3 b6 36. a6 Rh8 37. Rf2 Rc8 38. h4 gxh4+ 39. Kxh4 c5 40. g5 cxb4 41. Rf6+ Kg7 42. cxb4 Rc3 43. Rxe6 Rxe3 44. Re7+ Kg6 45. Rxa7 Ra3 46. Ra8 Kg7 47. b5 Ra5 48. a7 Ra3 49. Kg4 Ra1 50. Rd8 Rxa7 51. Rxd5 Ra3 52. Kf4 e3 53. Re5 Rb3 54. Re6 Rxb5 55. Rxe3 Rd5 56. Re4 b5 57. Re7+ Kg6 58. Re6+ Kf7 59. Re5 Rxd4+ 60. Kf5 Rb4 61. g6+ Kg8 62. Re8+ Kg7 63. Re7+ Kf8 64. Rb7 Rb1 65. Kf6 Rf1+ 66. Ke6 Re1+ 67. Kf6 Rf1+ 68. Ke6 Rg1 69. Kf6 Rf1+ 1/2-1/2

[Event "Titled Tuesday intern op 10th Oct Early"]
[Site "Chess.com INT"]
[Date "2023.10.10"]
[Round "1"]
[White "Jahnz, Fabian"]
[Black "Martin Fuentes, Alberto"]
[Result "0-1"]
[WhiteElo "2268"]
[BlackElo "2376"]
[PlyCount "66"]
[EventDate "2023.10.10"]
[EventType "swiss (blitz)"]
[EventRounds "11"]
[EventCountry "USA"]
[SourceTitle "EXT 2025"]
[Source "ChessBase"]
[SourceDate "2024.10.14"]
[SourceVersion "1"]
[SourceVersionDate "2024.10.14"]
[SourceQuality "1"]

1. e4 e6 2. b3 d5 3. Bb2 dxe4 4. Nc3 Nf6 5. Qe2 Nbd7 6. 0-0-0 Be7 7. Nxe4 Nxe4 8. Qxe4 Nf6 9. Qe3 0-0 10. h4 a5 11. h5 h6 12. a4 c6 13. g4 Nxg4 14. Qg3 f5 15. f3 Nf6 16. Ne2 b5 17. Rg1 Rf7 18. axb5 a4 19. bxa4 cxb5 20. axb5 Ba3 21. Qe5 Qa5 22. Bg2 Rb7 23. Bh1 Bxb2+ 24. Qxb2 Rxb5 25. Qxb5 Qxb5 26. d3 Qb4 27. c3 Qb3 28. Kd2 Ra2+ 29. Ke3 Nd5+ 30. Kf2 Nxc3 31. Rde1 Nxe2 32. Rxe2 Qb6+ 33. Kf1 Rxe2 0-1

[Event "Titled Tuesday intern op 03rd Oct Early"]
[Site "Chess.com INT"]
[Date "2023.10.03"]
[Round "9"]
[White "Floresvillar Gonzalez, Luis Miguel"]
[Black "Jahnz, Fabian"]
[Result "0-1"]
[WhiteElo "2019"]
[BlackElo "2268"]
[PlyCount "84"]
[EventDate "2023.10.03"]
[EventType "swiss (blitz)"]
[EventRounds "11"]
[EventCountry "USA"]
[SourceTitle "EXT 2025"]
[Source "ChessBase"]
[SourceDate "2024.10.14"]
[SourceVersion "1"]
[SourceVersionDate "2024.10.14"]
[SourceQuality "1"]

1. e4 c6 2. Nf3 d5 3. Nc3 dxe4 4. Nxe4 Nf6 5. Nxf6+ exf6 6. Qe2+ Qe7 7. d4 Bf5 8. c3 Nd7 9. Bf4 h6 10. 0-0-0 Qxe2 11. Bxe2 g5 12. Bd2 Bg7 13. Rhe1 0-0 14. h3 Bg6 15. Nh2 f5 16. f3 f4 17. Bc4 b5 18. Bb3 a5 19. Ng4 Nb6 20. Ne5 Bxe5 21. Rxe5 a4 22. Bc2 Bxc2 23. Kxc2 Nc4 24. Rc5 Rac8 25. Bc1 Rfe8 26. b3 axb3+ 27. axb3 Nd6 28. Kd3 Kg7 29. Rd2 Kg6 30. Re2 Rxe2 31. Kxe2 Nf5 32. Bd2 Re8+ 33. Kd3 Re6 34. d5 cxd5 35. Rxd5 Nh4 36. Rxb5 Nxg2 37. c4 Ne3 38. Ra5 f5 39. c5 h5 40. Rb5 Nd5 41. b4 g4 42. c6 gxh3 0-1

[Event "Titled Tuesday intern op 03rd Oct Early"]
[Site "Chess.com INT"]
[Date "2023.10.03"]
[Round "10"]
[White "Jahnz, Fabian"]
[Black "Giang, Tran Nam"]
[Result "0-1"]
[WhiteElo "2268"]
[BlackElo "2160"]
[PlyCount "138"]
[EventDate "2023.10.03"]
[EventType "swiss (blitz)"]
[EventRounds "11"]
[EventCountry "USA"]
[SourceTitle "EXT 2025"]
[Source "ChessBase"]
[SourceDate "2024.10.14"]
[SourceVersion "1"]
[SourceVersionDate "2024.10.14"]
[SourceQuality "1"]

1. e4 c5 2. Nf3 e6 3. c3 Nf6 4. e5 Nd5 5. g3 d6 6. exd6 Bxd6 7. Bg2 0-0 8. 0-0 Nc6 9. d4 cxd4 10. Nxd4 Bd7 11. Nxc6 Bxc6 12. Nd2 Qe7 13. Nc4 Bc7 14. Re1 Rfd8 15. Qc2 Rac8 16. Ne3 Bb6 17. Nxd5 Bxd5 18. Bxd5 Rxd5 19. Be3 Bxe3 20. Rxe3 Rcd8 21. Rae1 Rd2 22. Qb3 Qf6 23. R3e2 Rxe2 24. Rxe2 b6 25. Kg2 h5 26. Qc4 g6 27. Qc7 h4 28. Qxa7 h3+ 29. Kxh3 Qf3 30. Qxb6 Rd5 31. Qb8+ Kh7 32. Re5 Rd2 33. Qa7 Rxf2 34. Qd4 Qg2+ 35. Kg4 Qxh2 36. a4 Rg2 37. Qf4 Rxb2 38. Qxf7+ Kh6 39. Qf8+ Kh7 40. Qe7+ Kh6 41. Qh4+ Qxh4+ 42. Kxh4 Ra2 43. Ra5 e5 44. Rxe5 Rxa4+ 45. Kh3 Rc4 46. Re3 Kg5 47. Rd3 Kf5 48. Kg2 Ke4 49. Rd6 g5 50. Rg6 Kf5 51. Rg8 Rxc3 52. Rf8+ Kg4 53. Re8 Rc2+ 54. Kf1 Kxg3 55. Re3+ Kh2 56. Re4 Rc1+ 57. Kf2 Rc2+ 58. Kf3 Kh3 59. Ra4 g4+ 60. Kf4 g3 61. Ra3 Kh2 62. Ra8 g2 63. Rh8+ Kg1 64. Kf3 Rc3+ 65. Ke2 Rc7 66. Re8 Rf7 67. Re6 Rh7 68. Re8 Kh1 69. Rg8 g1Q 0-1